000 00224nam a2200097Ia 4500
008 170619s9999 xx 000 0 und d
100 _aGupta P K
245 0 _aCytology genetics &Evolution
260 _bRastogi Pub.
260 _c2003
546 _aENGLISH
999 _c17389
_d17389